000 00800nam a2200253 i 4500
001 69429
003 ES-MaACL
005 20250804062736.0
007 t|
008 040706s1985 sp |||| | spa d
020 _a84-85708-23-7
100 1 _aGarcía Calvo, Agustín,
_d1926-2012
_eaut
_9233841
245 1 0 _aRazón común /
_cAgustín García Calvo ; edición crítica, ordenación, traducción y comentario de los restos del libro de Heráclito.
260 _aMadrid :
_bLucina,
_c1985.
300 _a411 p. ;
_c24 cm.
490 1 _aLecturas presocráticas ;
_v2
500 _aÍndice.
650 0 7 _aFilosofía
_2embne
_912802
700 0 _aHeráclito.
_962627
830 0 _aLecturas presocráticas ;
_v2
_9230991
852 _aES-MaACL
_jL-9474
942 _2udc
999 _c69429
_d69429